An Empirical Study of Institutional Investor and Enterprise Innovation
Rozvoj a podpora inštitucionálnych investorov v Číne. Podpora technologickej inovácie podnikov. Mechanizmus inštitucionálnych investícií ovplyvňujúcich technologickú inováciu podnikov. Prieskum inštitucionálnych investorov na vplyv technologických inovácií.
Enregistré dans:
| Auteur principal: | |
|---|---|
| Format: | Chapitre de livre |
| Langue: | anglais |
| Sujets: | |
| Tags: |
Pas de tags, Soyez le premier à ajouter un tag!
|
MARC
| LEADER | 00000nla a2200000 4500 | ||
|---|---|---|---|
| 001 | 0243834 | ||
| 005 | 20220803170651.7 | ||
| 041 | 0 | |a eng | |
| 044 | |a MK | ||
| 245 | 1 | 0 | |a An Empirical Study of Institutional Investor and Enterprise Innovation |c Cheng Min |
| 520 | |a Rozvoj a podpora inštitucionálnych investorov v Číne. Podpora technologickej inovácie podnikov. Mechanizmus inštitucionálnych investícií ovplyvňujúcich technologickú inováciu podnikov. Prieskum inštitucionálnych investorov na vplyv technologických inovácií. | ||
| 610 | 2 | 0 | |a Čína |
| 610 | 2 | 0 | |a investori |
| 610 | 2 | 0 | |a investovanie |
| 610 | 2 | 0 | |a inovácie technologické |
| 610 | 2 | 0 | |a podnik |
| 610 | 2 | 0 | |a inštitúcie finančné |
| 100 | 1 | |a Min, Cheng | |